[Event "CRO-ch U15"]
[Site "Trogir"]
[Date "2021.06.23"]
[Round "8"]
[White "Grgantov, Marin"]
[Black "Baturina, Marin"]
[Result "1-0"]
[WhiteElo "1956"]
[BlackElo "1763"]
[PlyCount "79"]
[EventDate "2021.06.18"]
[EventType "swiss"]
[EventRounds "9"]
[EventCountry "CRO"]
[SourceTitle "EXT 2022"]
[Source "ChessBase"]
[SourceDate "2021.10.06"]
[SourceVersion "1"]
[SourceVersionDate "2021.10.06"]
[SourceQuality "1"]

1. e4 c5 2. Nc3 a6 3. f4 b5 4. d3 Bb7 5. Nf3 e6 6. g3 d5 7. e5 Nh6 8. Bh3 Nf5 9. 0-0 Be7 10. Ne2 h5 11. d4 g6 12. c3 Nc6 13. a3 Qb6 14. b4 c4 15. Bg2 a5 16. Bd2 axb4 17. axb4 0-0 18. Rb1 Kg7 19. h3 Nh6 20. Qc1 Rh8 21. Qc2 Qa6 22. Be3 Qa2 23. Rb2 Qa4 24. Qd2 Qa7 25. Nh2 Rag8 26. g4 hxg4 27. hxg4 Rh7 28. Ng3 Bh4 29. Nh1 Bd8 30. Ra2 Qb8 31. f5 gxf5 32. Bxh6+ Rxh6 33. gxf5 Kh7 34. fxe6 fxe6 35. Rf7+ Rg7 36. Qf4 Be7 37. Rf2 Qg8 38. Ng4 Rh5 39. Rxe7 Rf5 40. Qh6# 1-0

[Event "CRO-ch U17"]
[Site "Vinkovci"]
[Date "2020.07.29"]
[Round "3"]
[White "Baturina, Marin"]
[Black "Karlusic, Luka"]
[Result "0-1"]
[WhiteElo "1740"]
[BlackElo "2169"]
[PlyCount "78"]
[EventDate "2020.07.28"]
[EventType "swiss"]
[EventRounds "9"]
[EventCountry "CRO"]
[SourceTitle "EXT 2021"]
[Source "ChessBase"]
[SourceDate "2020.10.23"]
[SourceVersion "1"]
[SourceVersionDate "2020.10.23"]
[SourceQuality "1"]

1. d4 d5 2. c4 e6 3. Nc3 c6 4. Nf3 dxc4 5. e3 b5 6. a4 Bb4 7. Be2 Bb7 8. 0-0 a6 9. Bd2 Qe7 10. b3 Bxc3 11. Bxc3 b4 12. Be1 c3 13. Ne5 Nd7 14. Nc4 a5 15. f3 Ba6 16. Bg3 Bxc4 17. Bxc4 Ngf6 18. e4 Nb6 19. Be2 Nh5 20. Bf2 Nf4 21. Bg3 Nxe2+ 22. Qxe2 0-0 23. Rad1 Rfd8 24. Bf2 Qb7 25. Rd3 Qa6 26. Rfd1 Rd7 27. d5 cxd5 28. Bxb6 Qxb6+ 29. Kh1 d4 30. Qc2 e5 31. g4 Qh6 32. Kg2 Qf4 33. h3 g6 34. Rg1 Kh8 35. Kf1 f5 36. Qe2 fxe4 37. Qxe4 Qxe4 38. fxe4 Rf7+ 39. Ke2 Raf8 0-1

[Event "EU-ch U12"]
[Site "Bratislava"]
[Date "2019.08.06"]
[Round "5"]
[White "Baturina, Marin"]
[Black "Janik, Marek Tobias"]
[Result "1-0"]
[WhiteElo "1704"]
[BlackElo "1588"]
[PlyCount "77"]
[EventDate "2019.08.02"]
[EventType "swiss"]
[EventRounds "9"]
[EventCountry "SVK"]
[SourceTitle "EXT 2020"]
[Source "ChessBase"]
[SourceDate "2019.10.17"]
[SourceVersion "1"]
[SourceVersionDate "2019.10.17"]
[SourceQuality "1"]

1. d4 d5 2. c4 dxc4 3. Nf3 Nf6 4. Nc3 e6 5. e3 c5 6. Bxc4 a6 7. 0-0 b5 8. Bd3 Bb7 9. b3 Nbd7 10. Bb2 Be7 11. Rc1 0-0 12. Bb1 Rc8 13. Nd2 cxd4 14. exd4 Nd5 15. Nxd5 Rxc1 16. Nxe7+ Qxe7 17. Qxc1 Qg5 18. Nf3 Qd5 19. Qg5 Qxg5 20. Nxg5 h6 21. Nf3 Bxf3 22. gxf3 Rc8 23. Rc1 Rxc1+ 24. Bxc1 Nb6 25. Be4 Kf8 26. Kf1 Ke7 27. Bd2 Kd6 28. Bb4+ Kd7 29. Bc5 Nd5 30. Bxd5 exd5 31. Bf8 g6 32. Bxh6 Kc6 33. Ke2 a5 34. Kd3 a4 35. bxa4 bxa4 36. Kc3 Kb5 37. f4 f6 38. f5 gxf5 39. Bf4 1-0